The map of lost memories : a novel (Record no. 31977)
[ view plain ]
| 000 -LEADER | |
|---|---|
| fixed length control field | 00668nam a2200205 a 4500 |
| 008 - FIXED-LENGTH DATA ELEMENTS--GENERAL INFORMATION | |
| fixed length control field | 160929s2012 ||||||||||||||||| || u |
| 010 ## - LIBRARY OF CONGRESS CONTROL NUMBER | |
| LC control number | 2012004142 |
| 020 ## - INTERNATIONAL STANDARD BOOK NUMBER | |
| International Standard Book Number | 9781444738094 |
| 050 ## - LIBRARY OF CONGRESS CALL NUMBER | |
| Classification number | PS 3606.A952M37 |
| 100 ## - MAIN ENTRY--PERSONAL NAME | |
| Personal name | Fay, Kim |
| 245 14 - TITLE STATEMENT | |
| Title | The map of lost memories : a novel |
| Statement of responsibility, etc. | Kim Fay. |
| 250 ## - EDITION STATEMENT | |
| Edition statement | 1st ed. |
| 260 ## - PUBLICATION, DISTRIBUTION, ETC. | |
| Place of publication, distribution, etc. | New York |
| Name of publisher, distributor, etc. | Hodder & Stoughton |
| Date of publication, distribution, etc. | 2012 |
| 260 ## - PUBLICATION, DISTRIBUTION, ETC. | |
| Place of publication, distribution, etc. | New York |
| Name of publisher, distributor, etc. | Ballantine Books |
| Date of publication, distribution, etc. | 2012 |
| 300 ## - PHYSICAL DESCRIPTION | |
| Extent | 323 p. |
| 350 ## - | |
| -- | 13.34 |
| 650 ## - SUBJECT ADDED ENTRY--TOPICAL TERM | |
| Topical term or geographic name entry element | ENGLISH LANGUAGE |
| 995 ## - | |
| -- | FICTION Collection |
| -- | 13.34 |
| -- | 746916 |
| -- | CBU-SCHOOL OF MEDICINE LIBRARY (Ndola) |
| -- | PS 3606.A95M37 |
| -- | 1 |
| -- | AVAILABLE |
| -- | Sep 29, 2016 |
| -- | 746916 |
| -- | Fiction Collection |
| 999 ## - | |
| -- | 31977 |
| -- | 31977 |
| Withdrawn status | Lost status | Source of classification or shelving scheme | Damaged status | Not for loan | Permanent Location | Current Location | Shelving location | Date acquired | Total Checkouts | Full call number | Barcode | Date last seen | Price effective from | Koha item type |
|---|---|---|---|---|---|---|---|---|---|---|---|---|---|---|
| CBU-SCHOOL OF MEDICINE LIBRARY, NDOLA. | CBU-SCHOOL OF MEDICINE LIBRARY, NDOLA. | 11/30/2022 | PS 3606.A952M37 | 746916 | 11/30/2022 | 11/30/2022 | MONOGRAPH |